| 000 | 00503nam a2200157 i 4500 | ||
|---|---|---|---|
| 001 | 78002 | ||
| 003 | ES-MaACL | ||
| 005 | 20230906173508.0 | ||
| 007 | t| | ||
| 008 | 041008s1946 xxk ||||1| eng d | ||
| 100 | 1 |
_aGutteridge, H. C. _961249 |
|
| 245 | 1 | 0 |
_aComparative law _b: an introduction to the comparative method of legal study and research / _cby H.C. Gutteridge. |
| 260 |
_aCambridge : _bThe University Press, _c1946. |
||
| 300 |
_aXV, 208 p. ; _c22 cm. |
||
| 852 |
_aES-MaACL _jC-4381 _bR.24150 |
||
| 999 |
_c78002 _d78002 |
||